Pocket guide to echocardiography (Record no. 662)

000 -LEADER
fixed length control field 01452nam a22004217a 4500
001 - CONTROL NUMBER
control field 13753308
003 - CONTROL NUMBER IDENTIFIER
control field LIBRIS
005 - DATE AND TIME OF LATEST TRANSACTION
control field 20241105174404.0
006 - FIXED-LENGTH DATA ELEMENTS--ADDITIONAL MATERIAL CHARACTERISTICS
fixed length control field m o d |
007 - PHYSICAL DESCRIPTION FIXED FIELD--GENERAL INFORMATION
fixed length control field cr ||| |||||
008 - FIXED-LENGTH DATA ELEMENTS--GENERAL INFORMATION
fixed length control field 130109s2012 enka||||o|||||000 0|eng|d
020 ## - INTERNATIONAL STANDARD BOOK NUMBER
International Standard Book Number 9780470674444
022 ## - INTERNATIONAL STANDARD SERIAL NUMBER
International Standard Serial Number 9780470674444
035 ## - SYSTEM CONTROL NUMBER
System control number (OCoLC)816282157
035 ## - SYSTEM CONTROL NUMBER
System control number (ALMA)99282690102456
040 ## - CATALOGING SOURCE
Original cataloging agency YDXCP
Transcribing agency YDXCP
Modifying agency OCLCO
-- TXA
-- UIU
-- DG1
-- CDX
041 ## - LANGUAGE CODE
Language code of text/sound track or separate title eng
050 #4 - LIBRARY OF CONGRESS CALL NUMBER
Classification number RC683.5.U5
Item number P63 2012
080 ## - UNIVERSAL DECIMAL CLASSIFICATION NUMBER
Universal Decimal Classification number 615.849
Item number P-78
082 04 - DEWEY DECIMAL CLASSIFICATION NUMBER
Classification number 616.1207543
Edition number 23
084 ## - OTHER CLASSIFICATION NUMBER
Classification number Veh
Number source kssb/8 (machine generated)
245 10 - TITLE STATEMENT
Title Pocket guide to echocardiography
Statement of responsibility, etc. Andro G. Kacharava ... [et al.] ; foreword by Navin C. Nanda.
260 ## - PUBLICATION, DISTRIBUTION, ETC.
Place of publication, distribution, etc. Chichester, West Sussex, UK ;
Name of publisher, distributor, etc. Hoboken, NJ :
Date of publication, distribution, etc. 2012
300 ## - PHYSICAL DESCRIPTION
Extent 1 online resource (xiii, 95 p.)
Other physical details ill.
504 ## - BIBLIOGRAPHY, ETC. NOTE
Bibliography, etc. note Includes bibliographical references.
588 ## - SOURCE OF DESCRIPTION NOTE
Source of description note Description based on online resource; title from digital title page (viewed on Nov. 6, 2012).
650 #0 - SUBJECT ADDED ENTRY--TOPICAL TERM
Topical term or geographic name entry element Echocardiography
Form subdivision Handbooks, manuals, etc.
650 #0 - SUBJECT ADDED ENTRY--TOPICAL TERM
Topical term or geographic name entry element Radiology
9 (RLIN) 249
653 ## - INDEX TERM--UNCONTROLLED
Uncontrolled term რადიოლოგია
653 ## - INDEX TERM--UNCONTROLLED
Uncontrolled term ექოკარდიოგრაფია
655 #4 - INDEX TERM--GENRE/FORM
Genre/form data or focus term Electronic books.
700 1# - ADDED ENTRY--PERSONAL NAME
Personal name Kacharava, Andro G.
700 ## - ADDED ENTRY--PERSONAL NAME
Personal name Gedevanishvili, T. Alexander
9 (RLIN) 509
700 ## - ADDED ENTRY--PERSONAL NAME
Personal name Imnadze, G. Guram
9 (RLIN) 510
700 ## - ADDED ENTRY--PERSONAL NAME
Personal name Tsverava, M. Dimitri
9 (RLIN) 511
700 ## - ADDED ENTRY--PERSONAL NAME
Personal name Brodsky, M. Craig
9 (RLIN) 512
942 ## - ADDED ENTRY ELEMENTS (KOHA)
Source of classification or shelving scheme
Koha item type Books
Holdings
Withdrawn status Lost status Source of classification or shelving scheme Damaged status Not for loan Permanent location Current location Date acquired Inventory number Total Checkouts Full call number Barcode Date last seen Price effective from Koha item type
          Ken Walker International University Ken Walker International University 12/16/2020 434   615.849 P-78 434 12/16/2020 12/16/2020 Books

Powered by Koha